000 00698nam a2200289Ia 4500
005 20260324112026.0
008 008 260324s9999 xx 000 0 eng d
020 _a9780429464294
037 _aEBOOK
040 _aCRL
040 _beng
040 _cCRL
041 _2eng
041 _aeng
084 _qCRL
100 _aCamil Francisc Roman
_91140991
245 4 _aThe French Revolution and Its Legacy
245 0 _bLeaping Democracy into the Unlimited
260 _bTaylor and Francis
260 _c2025
365 _a
365 _b230
856 _uhttp://www.taylorfrancis.com/books/9780429464294
942 _cEBOOK
999 _c1730026
_d1730026